000 00392 a2200157 4500
020 _a8127223255
082 _a657
090 _c2104
_d2104
100 _aAsdhir,Vijay.
245 _aFundamentals of Financial Accounting
_cVijay Asdhir
250 _a6th edition
260 _aNew Delhi
_bKalyani Publishers
_c2006
300 _a22.13p
500 _aPaper cover
942 _aNBS
_cBK
_k657 ASD
999 _c344607
_d344607